000 00534nam a2200181Ia 4500
003 OSt
005 20260310105318.0
008 190216s9999||||xx |||||||||||||| ||und||
020 _a9788182716308
040 _coclc
082 _a297.6
_bMUH/S
100 _aMuhammed, T Jamal
_91877
245 0 _aSwadeshabhimani Vakkom Moulavi /
_cJamal Muhammed T
260 _bIslamic Publishing House,
_c2013.
_aKozhikode:
300 _a216p
650 _aIslamic History
942 _cBK
_2ddc
_h297.6
_iMUH/S
_k297.6
_mMUH/S
999 _c22895
_d22895